000 00252nam a2200109Ia 4500
005 20251222142004.0
008 251222s9999||||xx |||||||||||||| ||spa||
082 _a330.91/C76
245 0 _aEconomía, Trabajo y Sociedad:
264 _bCES
942 _cLIB
999 _c10107
_d10107